| 000 | 00000nam##2200000za#4500 |
| 001 | 9.621608 |
| 003 | CaOODSP |
| 005 | 20240212134142 |
| 007 | ta |
| 008 | 150406|1992||||xxc||||| f|0| 0 fre|d |
| 020 | |a0-662-97602-9 |
| 022 | |a1713-0646 |
| 040 | |aCaOODSP|bfre |
| 043 | |an-cn--- |
| 086 | 1 |aNE22-1/1992-5F |
| 110 | 1 |aCanada. |bOffice national de l'énergie. |
| 245 | 10|aAlberta Natural Gas Company Ltd. : |bdemande en date du 31 mai 1990 et ses modifications, visant l'approbation d'un projet d'agrandissement du réseau de l'ANG au cours de l'année 1993 |
| 260 | |aCalgary - Alberta : |bOffice national de l'énergie |cMai 1992. |
| 300 | |a67p. : |bfigures, carte, références, tableaux ; |c28 cm. |
| 490 | 1 |aMotifs de décision|x1713-0646 |
| 563 | |aCouverture souple |
| 691 | 07|aIndustrie pétrolière|2gcpds |
| 775 | 08|tAlberta Natural Gas Company Ltd. : |w(CaOODSP)9.609842 |
| 776 | 0#|tMotifs de décision relativement à Alberta Natural Gas Company Ltd. : |w(CaOODSP)9.602733 |
| 830 | #0|aMotifs de décision (Canada. Office national de l'énergie)|x1713-0646|w(CaOODSP)9.513162 |
| 986 | |aGHW-2-91 |